| 000 | 01198nam a22002657a 4500 | ||
|---|---|---|---|
| 005 | 20111220104914.0 | ||
| 010 | _aB-444612 | ||
| 020 |
_c100.00 _a9788179914953 |
||
| 035 | _aB-444612 | ||
| 037 | _bPopular Parakashan | ||
| 037 | _bBlue Berry/Ven | ||
| 082 | _a363.73 | ||
| 100 |
_aKamath, Anjali _937517 |
||
| 245 |
_aChoking planet : _bour pollution crisis / _cby Anjali Kamath; edited by Anand Mani |
||
| 260 |
_bPopular Prakashan _cc2009 _aMumbai |
||
| 270 |
_a301, Mahalaxmi, 22, Bhulabhai Desai Road, _bMumbai _e400026 |
||
| 300 |
_a48p.: _bcol. photos _c28cm(pbk) |
||
| 490 |
_aBrainworks a kangaroo kids initiative series _937518 |
||
| 500 | _aIncludes glossary and index | ||
| 700 |
_aBhattacharya, Sreshtha _937231 |
||
| 942 |
_2ddc _cCH _mKAM _h363.73 |
||
| 999 |
_c59684 _d59684 |
||